00401nam a2200133Ia 4500008004100000082001500041100001600056245003500072260001800107600002000125942000700145952009800152999001700250241002s9999 xx 000 0 und d a330.03 WIN aWinton, J.R 2aA Dictionary of Economic Terms aLondon:c1967 aSocial Sciences cUC 00104070aUITUbUITUd1994-01-01l0o330.03 WINpUC186r2024-10-02 09:31:11w2024-10-02yUC c18513d18513